| 000 | 00866nam a2200265Ia 4500 | ||
|---|---|---|---|
| 003 | OSt | ||
| 005 | 20220918171015.0 | ||
| 006 | a|||||r|||| 00| 0 | ||
| 007 | ta | ||
| 008 | 220917b |||||||| |||| 00| 0 eng d | ||
| 020 |
_a9781137320759 (hbk) _c5518.69 |
||
| 024 | _a285,002 | ||
| 037 |
_b808, 10/02/2015, Anshika Book International _cTextual |
||
| 040 |
_aARTS _cARTS _beng |
||
| 041 |
_2eng _aeng |
||
| 082 | _aY15-31.49G, Q4 | ||
| 100 |
_aObeng Pashington _933065 |
||
| 245 | 0 |
_aRural women's power in south asia _b Understanding shakti |
|
| 260 |
_aNew York _bPalgrave Macmillan U.S.A _c2014 |
||
| 300 |
_axiii, 186p. _ccm. |
||
| 490 | _aGender, development and social change | ||
| 650 | _aSOCIOLOGY | ||
| 942 |
_hY15-31.49G, Q4 _cTEXL _2CC |
||
| 999 |
_c137228 _d137228 |
||